Harry potter book events - Statistics

General Stats
  • This quiz has been taken 48 times
  • The average score is 12 of 15
Answer Stats
Hint Answer % Correct
Harry gets admitted to hogwarts Harry potter and the sorcerer's stone
98%
Voldemort dies at the battle of hogwarts harry potter and the deathly hallows
95%
harry gets put in the triwizard tournament harry potter and the goblet of fire
95%
harry stabs a diary with a snake fang harry potter and the chamber of secrets
93%
Harry witnesses the death of a hufflepuff harry potter and the goblet of fire
93%
dumbledore dies harry potter and the half blood prince
93%
harry meets his godfather for the first time. harry potter and the prisoner of azkaban
93%
over 100 letters come in through the dursley's fireplace harry potter and the sorcerer's stone
93%
dumbledore's army is assembled harry potter and the order of the phoenix
91%
hary has his first kiss with cho chang harry potter and the order of the phoenix
88%
harry blows up his aunt harry potter and the prisoner of azkaban
81%
harry gets "famous" harry potter and the sorcerer's stone
65%
ginny gets a puffskein harry potter and the half blood prince
63%
harry is pulled aside by a teacher in herbology harry potter and the chamber of secrets
56%
harry uses a shooting spell to kill a rabbit harry potter and the deathly hallows
47%
No matching quizzes found
Score Distribution
Percent of People with Each Score
Percentile by Number Answered
Your Score History
You have not taken this quiz